On This Day: June 27th Quiz Stats

 Plays Quiz Updated Jun 27, 2017

Support Sporcle.
Go Orange.
Score 0/7 Timer 03:00
2 Plays Today
Question Answer Wrong Answers
This American author and activist, the first deaf-blind person to earn a bachelor of arts degree, is born.
1880
Helen Keller
90.5%
Anne Sullivan
2.8%
Susan B. Anthony
3.2%
Clara Barton
1.9%
In a highly scrutinized election, this man is re-elected President of Zimbabwe in a landslide after his opponent, Morgan Tsvangirai, had withdrawn a week earlier, citing violence against his party's supporters.
2008
Robert Mugabe
81%
Jacob Zuma
6.9%
Yoweri Museveni
5.4%
Paul Biya
2.3%
At the height of his career, this boxer KOs Michael Spinks in 91 seconds, the richest fight in boxing history to that point.
1988
Mike Tyson
76.6%
Evander Holyfield
12.1%
Lennox Lewis
4.9%
Buster Douglas
2.8%
General James Wolfe begins a siege of this Canadian city, which is one of the oldest cities in North America.
1759
Quebec City
74.5%
Calgary
8.5%
Edmonton
6.5%
Vancouver
10.3%
This man, the founder of the Latter Day Saint movement, is killed by a mob at the Carthage, Illinois jail.
1844
Joseph Smith
68%
Brigham Young
23.5%
John Taylor
4.7%
Martin Harris
3%
Tony Blair resigns as British Prime Minister, a position he had held since ______.
2007
1997
65.8%
2004
11%
1993
12.2%
1990
7.1%
Juan MarĂ­a Bordaberry, the president of this South American country on the Atlantic, dissolves Parliament and establishes a dictatorship.
1973
Uruguay
37.8%
Brazil
14%
Argentina
26.2%
Chile
19.1%

You're not logged in!

Compare scores with friends on all Sporcle quizzes.
OR
Log In
Forgot?

From the Vault

Troubling Trifectas II

by RobPro

Troubling things always come in threes.
Remove Ads.
Support Sporcle.
Get the best of Sporcle when you Go Orange. This ad-free experience offers more features, more stats, and more fun while also helping to support Sporcle. Thank you for becoming a member.

Show Comments

Extras

Top Quizzes Today


Score Distribution

Your Account Isn't Verified!

In order to create a playlist on Sporcle, you need to verify the email address you used during registration. Go to your Sporcle Settings to finish the process.

Report this User

Report this user for behavior that violates our Community Guidelines.

Details: